Besteuerung ausländisch beherrschter Kapitalgesellschaften mit Ansässigkeit in der Schweiz

Guardado en:
Detalles Bibliográficos
Autor principal: Oechslin-Saupper, Eveline
Formato: Libro
Lenguaje:alemán
Publicado: Bern Haupt 1994
Edición:1. Aufl.
Colección:Schriftenreihe Finanzwirtschaft und Finanzrecht Bd. 72
Materias:
Etiquetas: Agregar Etiqueta
Sin Etiquetas, Sea el primero en etiquetar este registro!

MARC

LEADER 00000nam a2200000 4500
001 c016779
005 20250509093900.1
020 |a 3-258-04991-2 
041 0 |a ger 
044 |a CH 
245 1 0 |a Besteuerung ausländisch beherrschter Kapitalgesellschaften mit Ansässigkeit in der Schweiz  |c Eveline Oechslin-Saupper 
250 |a 1. Aufl. 
264 1 |a Bern  |b Haupt  |c 1994 
300 |a 227 s. 
490 1 |a Schriftenreihe Finanzwirtschaft und Finanzrecht  |v Bd. 72 
830 0 |a Schriftenreihe Finanzwirtschaft und Finanzrecht  |v Bd. 72 
610 2 0 |a spoločnosti kapitálové 
610 2 0 |a dane 
610 2 0 |a zisk 
610 2 0 |a kapitál 
610 2 0 |a predpisy daňové 
610 2 0 |a politika daňová 
610 2 0 |a politika zahraničnoobchodná 
610 2 0 |a právo 
610 2 0 |a Švajčiarsko 
100 1 |a Oechslin-Saupper, Eveline